Warrior Cats Thunder and Shadow Allegiances Quiz Stats

 Plays Quiz not verified by Sporcle

Support Sporcle.
Go Orange.
Score 0/126 Timer 10:00
0 Plays Today
Rank Cat % Correct
LeaderBramblestar
100%
DeputySquirrelflight
95.2%
Medicine CatLeafpool
95.2%
Medicine CatJayfeather
93.7%
ApprenticeAlderpaw
93.7%
WarriorCloudtail
92.1%
WarriorCinderheart
92.1%
WarriorLionblaze
92.1%
ApprenticeSparkpaw
92.1%
WarriorBrightheart
90.5%
WarriorWhitewing
90.5%
WarriorPoppyfrost
90.5%
WarriorIvypool
90.5%
WarriorSnowbush
90.5%
WarriorThornclaw
88.9%
WarriorBirchfall
88.9%
WarriorBerrynose
88.9%
WarriorRosepetal
88.9%
WarriorBriarlight
88.9%
WarriorBlossomfall
88.9%
WarriorBumblestripe
88.9%
QueenDaisy
88.9%
QueenLilyheart
88.9%
ElderGraystripe
88.9%
ElderMillie
88.9%
LeaderRowanstar
88.9%
LeaderOnestar
88.9%
LeaderMistystar
88.9%
WarriorBrackenfur
87.3%
WarriorMousewhisker
87.3%
WarriorDovewing
87.3%
WarriorCherryfall
87.3%
WarriorFernsong
87.3%
KitLeafkit
87.3%
KitHoneykit
87.3%
ElderPurdy
87.3%
WarriorTigerheart
87.3%
WarriorCrowfeather
87.3%
WarriorMolewhisker
85.7%
WarriorAmbermoon
85.7%
WarriorDewnose
85.7%
WarriorStormcloud
85.7%
Rank Cat % Correct
WarriorHollytuft
85.7%
WarriorSorrelstripe
85.7%
KitLarkkit
85.7%
KitTwigkit
85.7%
Medicine CatLittlecloud
85.7%
WarriorTawnypelt
85.7%
WarriorDawnpelt
85.7%
DeputyHarespring
85.7%
Medicine CatKestrelflight
85.7%
WarriorBreezepelt
85.7%
QueenHeathertail
85.7%
DeputyReedwhisker
85.7%
ApprenticeNeedlepaw
84.1%
WarriorNightcloud
84.1%
Medicine CatMothwing
84.1%
DeputyCrowfrost
82.5%
ElderKinkfur
82.5%
ElderWhitetail
82.5%
ApprenticeSleekpaw
81%
QueenPinenose
81%
KitPuddlekit
81%
KitBrindlekit
81%
Medicine CatWillowshine
81%
ApprenticeJuniperpaw
79.4%
ApprenticeYarrowpaw
79.4%
ApprenticeStrikepaw
79.4%
WarriorSnowbird
79.4%
WarriorScorchfur
79.4%
ElderOakfur
79.4%
ElderRatscar
79.4%
KitSmokekit
79.4%
KitVioletkit
77.8%
WarriorEmberfoot
77.8%
WarriorSedgewhisker
77.8%
WarriorSpikefur
74.6%
QueenGrassheart
74.6%
KitLionkit
74.6%
WarriorGorsetail
74.6%
WarriorFeatherpelt
74.6%
ApprenticeBeepaw
73%
KitBirchkit
73%
QueenIcewing
73%
Rank Cat % Correct
ElderMosspelt
73%
WarriorStonewing
71.4%
WarriorBerryheart
71.4%
KitSlatekit
71.4%
WarriorOatclaw
71.4%
WarriorCloverfoot
69.8%
WarriorSparrowtail
69.8%
WarriorLeaftail
69.8%
KitBreezekit
69.8%
ApprenticeLarkpaw*
68.3%
WarriorSlightfoot
68.3%
WarriorMinnowtail
68.3%
WarriorMallownose
68.3%
WarriorSneezecloud
68.3%
WarriorMintfur
66.7%
WarriorJayclaw
66.7%
KitNightkit
66.7%
WarriorRippletail
65.1%
ApprenticeFernpaw
65.1%
WarriorPodlight
65.1%
WarriorMistcloud
63.5%
WarriorFurzepelt
63.5%
WarriorBeetlewhisker
63.5%
WarriorHavenpelt
63.5%
WarriorBrackenpelt
63.5%
WarriorOwlnose
63.5%
KitHarekit
63.5%
KitDapplekit
63.5%
WarriorWasptail
61.9%
WarriorPetalfur
61.9%
WarriorCurlfeather
61.9%
WarriorShimmerpelt
61.9%
WarriorLizardtail
61.9%
ApprenticeFoxpaw
61.9%
QueenLakeheart
61.9%
WarriorHootwhisker
58.7%
WarriorDuskfur
58.7%
WarriorHeronwing
58.7%
KitGorsekit
58.7%
WarriorPerchwing
57.1%
KitSoftkit
55.6%
ApprenticeShadepaw
54%

You're not logged in!

Compare scores with friends on all Sporcle quizzes.
OR
Log In

From the Vault

Populous Countries of Asia Minefield

by sirhc1801

Wait, what's the name of that one country in Asia? You know the one.
Remove Ads.
Support Sporcle.
Get the best of Sporcle when you Go Orange. This ad-free experience offers more features, more stats, and more fun while also helping to support Sporcle. Thank you for becoming a member.

Show Comments

Extras

Top Quizzes Today


Score Distribution

Your Account Isn't Verified!

In order to create a playlist on Sporcle, you need to verify the email address you used during registration. Go to your Sporcle Settings to finish the process.

Report this User

Report this user for behavior that violates our Community Guidelines.

Details: